000 00367nam a22001697a 4500
003 UA-OsUOA
001 2348
007 ta
008 20050721b un ||||| |||| 00| 0 ukr d
100 _aRoss
700 _aNency W.
942 _cBK
040 _aUA-OsUOA
_cUA-OsUOA
_dUA-OsUOA
245 _aHeroines of the Early West.
_bChildren Lit.
955 _a2
650 7 _2UDC
999 _c288510
_d288510